Polska myśl resocjalizacyjna wybór tekstów

Bibliographic Details
Other Authors: Sawicka, Katarzyna (Compiler)
Format: Book
Language:Polish
PhysicalDescription:213 s. 24 cm
Published: [Warszawa] Wydawnictwa Uniwersytetu Warszawskiego 1993
ISBN:8323098565
Subjects:

MARC

LEADER 00000nam a2200000 a 4500
001 vtls001222071
003 SK-MaSNL
005 20260302073949.0
008 251124s1993 PL 0 pol
020 |a 8323098565  |c [80,00] 
035 |a SNK000167457 
040 |a SNK  |b slo  |c SNK  |e AACR2 
044 |a PL 
080 |a 316.2(438)(082)  |2 1981 
245 1 |a Polska myśl resocjalizacyjna  |b wybór tekstów  |c opracowala Katarzyna Sawicka 
260 |a [Warszawa]  |b Wydawnictwa Uniwersytetu Warszawskiego  |c 1993 
300 |a 213 s.  |c 24 cm 
650 0 7 |a resocializácia  |x koncepcie poľské  |x zborníky  |2 SNK  |9 739006 
700 1 |a Sawicka, Katarzyna  |4 zos  |9 396404 
919 |a 83-230-9856-5 
999 |c 1163036  |d 1164966 
952 |t P60, <04>, [BOOK], {604}  |a SNK  |b SNK  |y VYP  |7 0  |p 17A0013913  |o snkIC 126097  |i snkV 1856/96  |0 0  |1 0  |4 0  |d 1996-10-11  |l 0  |r 2005-01-01 00:00:00  |w 2026-02-24